00615nam a2200205Ia 4500008004100000020002500041040001900066041001200085082002700097100002200124245009300146260002500239300002000264504004000284630001800324630001900342650001100361651001700372850002000389140110s9999 xx 000 0 und d a9788186017616cRs 80 aLoreto College aEnglish a791.4/BHObLCLIB/47311 aBhowmik, Someswar aBehind the glitzbExploring and enigma called the Indian Film IndustrycSomeswar Bhowmik aKolkatabThemac2008 axi,115p c22 cm aIncludes bibliographical references aIndian Cinema aMotion Picture aCinema aFilm Studies aLCLIB/791.4/BHO